000 00649nam a2200277Ia 4500
005 20260324135753.0
008 008 260324s9999 xx 000 0 eng d
020 _a9781315188560
037 _aEBOOK
040 _aCRL
040 _beng
040 _cCRL
041 _2eng
041 _aeng
084 _qCRL
100 _aG.W.A Milne
_91201846
245 0 _aAshgate Handbook of Endocrine Agents and Steroids
260 _bTaylor and Francis
260 _c2000
365 _a
365 _b130
856 _uhttp://www.taylorfrancis.com/books/9781315188560
942 _cEBOOK
999 _c1803269
_d1803269